Online
Catalog

Casos en "marketing." / (Record no. 11889)

MARC details
000 -CABECERA
campo de control de longitud fija 00873cam a22001931 4500
001 - NÚMERO DE CONTROL
campo de control 000012226
003 - IDENTIFICADOR DEL NÚMERO DE CONTROL
campo de control DO-SdBNP
005 - FECHA Y HORA DE LA ÚLTIMA TRANSACCIÓN
campo de control 20250617113105.0
008 - DATOS DE LONGITUD FIJA--INFORMACIÓN GENERAL
campo de control de longitud fija 770317s1967 mauab 000 0 spa
040 ## - FUENTE DE LA CATALOGACIÓN
Centro catalogador/agencia de origen DO-SdBNP
Lengua de catalogación spa
Centro/agencia transcriptor BNPHU
082 #4 - NÚMERO DE LA CLASIFICACIÓN DECIMAL DEWEY
Número de clasificación 658.8
Número de documento/Ítem B789c
Número de edición 22
100 1# - ENTRADA PRINCIPAL--NOMBRE DE PERSONA
Nombre de persona Boyd, Harper W.,
Término indicativo de función/relación ed.
9 (RLIN) 28862
245 10 - MENCIÓN DE TÍTULO
Título Casos en "marketing." /
Mención de responsabilidad, etc. Seleccionados por: Harper W. Boyd, Jr. [et al.] International Center for the Advancement of Management Education (ICAME) Escuela para Graduados en Administracion de Empresas. Universidad de Stanford, Stanford, California.
260 ## - PUBLICACIÓN, DISTRIBUCIÓN, ETC.
Lugar de publicación, distribución, etc. Reading, Mass., :
Nombre del editor, distribuidor, etc. Addison-Wesley Pub. Co.,
Fecha de publicación, distribución, etc. [c1967].
300 ## - DESCRIPCIÓN FÍSICA
Extensión x, 358 p. :
Otras características físicas illus., maps. ;
Dimensiones 24 cm.
650 #0 - PUNTO DE ACCESO ADICIONAL DE MATERIA--TÉRMINO DE MATERIA
Término de materia o nombre geográfico como elemento de entrada Mercadotecnia
Subdivisión de forma Estudio de casos
9 (RLIN) 6644
710 2# - PUNTO DE ACCESO ADICIONAL--NOMBRE DE ENTIDAD CORPORATIVA
Nombre de entidad corporativa o nombre de jurisdicción como elemento de entrada Stanford University.
Unidad subordinada International Center for the Advancement of Management Education.
9 (RLIN) 28864
942 ## - ELEMENTOS DE PUNTO DE ACCESO ADICIONAL (KOHA)
Fuente del sistema de clasificación o colocación Dewey Decimal Classification
Tipo de ítem Koha Libro
Holdings
Estado de retiro Estado de pérdida Restricciones de uso No para préstamo Código de colección Localización permanente Ubicación/localización actual Ubicación en estantería Fecha de adquisición Número de inventario Total de préstamos Signatura topográfica completa Código de barras Fecha visto por última vez Precio válido a partir de Tipo de ítem Koha Número de copia
      Excluido de préstamo Monografías: Libros y Folletos General General Depósito 06.11.2009 LF1   658.8 B789c 12226-10 25.06.2020 25.06.2020 No se presta  
  Extraviado   Excluido de préstamo Monografías: Libros y Folletos General General Extraviado 26.05.2017 LF1   658.8 B789c 12226-20 25.06.2020 25.06.2020 No se presta e. 2

Powered by Koha